000 00831nam a2200265 i 4500
001 C2-0251178
003 PPAK
005 20180727214653.0
008 030813s2003 my a|||| ||||| | may d
020 _a9830782182
040 _aPPAK
_beng
_cPPAK
_erda
082 0 4 _a394.309595119
_223
090 0 0 _a394.309595119
_bKUD
_dK
245 0 0 _aKuda kepang, teng-teng, konda-kondi (Johor)
264 1 _aPetaling Jaya, Selangor :
_bPustaka Murni ,
_c2003
300 _a48 pages :
_billustrations ;
_c26 cm
336 _2rdacontent
_atext
337 _2rdamedia
_aunmediated
338 _2rdacarrier
_avolume
490 1 _aWarisan permainan dan kebudayaan
650 1 0 _aGames - Johor. ; Malays - Johor - Social life and customs.
700 0 _aRosnah Din,
_ecompile
830 0 _aWarisan permainan dan kebudayaan
942 _ddc
_cB
999 _c64413
_d64413